| 000 | 00619nam a2200205 a 4500 | ||
|---|---|---|---|
| 001 | 3562 | ||
| 003 | CDMR | ||
| 005 | 20131210133938.0 | ||
| 008 | 130130s1972||||||||||||||||||||||||||||d | ||
| 040 |
_aCDMR _bcat _cCDMR |
||
| 100 | 1 |
_aSingh, Jagjit _92547 |
|
| 245 | 1 | 0 |
_aTeoría de la información, del lenguaje y de la cibernética _cJagjit Singh ; Ana Julia Garriga Trillo (trad.) |
| 260 |
_aMadrid _c1972 _bAlianza |
||
| 300 | _a354 p. | ||
| 490 | 0 |
_aAlianza Universidad _v29 |
|
| 650 | 0 | 4 |
_92194 _aInformació, Teoria de la |
| 650 | 0 | 4 |
_94377 _aLlenguatge i llengües |
| 650 | 0 | 4 |
_94491 _aInformàtica |
| 942 |
_cMON _2udc |
||
| 999 |
_c3562 _d3562 |
||